Statistics for Asian History A-Z

Click here to take the quiz!

General Stats

  • This quiz has been taken 220 times
  • The average score is 20 of 26

Answer Stats

HintAnswer% Correct
MThe founder of IslamMuhammad
94%
GFought for Indian rights, which ultimately led to his country's freedomGandhi
92%
IModern-day country that Jesus was born and crucified inIsrael
92%
JOne of the Axis powersJapan
92%
OTurkish empire that lasted over 600 years; dissolved following WWIOttoman Empire
92%
ACountry invaded by the USSR in 1979Afghanistan
90%
HOne of the languages that the bible was written inHebrew
90%
VCommunist since 1976Vietnam
90%
BHistorical Iraqi city known for its "Hanging Gardens"Babylon
89%
WCity where the Covid-19 pandemic beganWuhan
89%
KFirst emperor of the Mongol EmpireKhan
86%
QLast imperial dynasty of ChinaQing Dynasty
84%
SFormer name of ThailandSiam
84%
PThe former English spelling of BeijingPeking
81%
ZFirst communist leader of ChinaZedong
79%
YRiver called the cradle of Chinese civilizationYellow River
78%
EFormer name of TokyoEdo
76%
FChinese imperial palace, 1420-1912{Forbidden} City
75%
LHezbollah's home turfLebanon
73%
NFormer capital of many Chinese dynastiesNanjing
71%
TDemocracy protestors are slaughtered in this square in BeijingTiananmen Square
70%
XCity known for its Terracotta ArmyXi'an
64%
RFormer name of YangonRangoon
59%
UCountry that ruled the Trucial States and much of South Asia throughout the 1900sUnited Kingdom
58%
DMuslim shrine in JerusalemDome of the Rock
44%
COne of the four Great Inventions of Ancient ChinaCompass
42%

Score Distribution

Percentile by Number Answered

Percent of People with Each Score

Your Score History

You have not taken this quiz